Revista IDIS /
Guardado en:
| 格式: | 圖書 |
|---|---|
| 語言: | Spanish |
| 出版: |
Ecuador:
Universidad de Cuenca. Instituto de Investigaciones Sociales
|
| 主題: | |
| 標簽: |
添加標簽
沒有標簽, 成為第一個標記此記錄!
|
MARC
| LEADER | 00000nam a22000007a 4500 | ||
|---|---|---|---|
| 003 | cru CIDCACS/IIS | ||
| 005 | 20230911122012.0 | ||
| 008 | 230911b |||||||| |||| 00| 0 spa d | ||
| 040 | |c cru CIDCACS/IIS | ||
| 090 | |a REV1033 | ||
| 245 | |a Revista IDIS / |c Universidad de Cuenca. Instituto de Investigaciones Sociales | ||
| 260 | |a Ecuador: |b Universidad de Cuenca. Instituto de Investigaciones Sociales | ||
| 500 | |a EXISTENCIAS : s.f (4) 1985 (14-15) 1986 (16) 1990 (25-26) 1991 (27-28) | ||
| 650 | 0 | |9 237 |a INVESTIGACION SOCIAL | |
| 650 | 0 | |9 1855 |a IDEOLOGIAS POLITICAS | |
| 650 | 0 | |9 624 |a CAMPESINADO | |
| 650 | 4 | |9 3428 |a DEMOGRAFIA | |
| 650 | 0 | |9 26 |a SOCIEDAD | |
| 650 | 0 | |9 3691 |a POLITICA | |
| 650 | 0 | |9 533 |a CONDICIONES SOCIALES | |
| 650 | 0 | |9 4 |a MOVIMIENTOS OBREROS | |
| 650 | 0 | |9 2137 |a ESTRUCTURA SOCIAL | |
| 651 | 0 | |9 17 |a AMERICA LATINA | |
| 942 | |2 ddc |c PP | ||
| 999 | |c 45245 |d 45245 | ||
